00701nam a22001817a 4500003000400000005001700004008004100021020001800062040002500080082001600105100002500121245005500146260003700201300002100238500007200259500016500331504002300496OSt20220411083905.0110301s2021 dr ac 000 0 spa d a9789945808261 aDO-SdBNPbspacBNPHU axxxxbB862m1 aBrito, Juan Raul E. 13aEl monciòn que se nos fue /cJuan Raul E. Brito  aSanto Domingo :b[S.N.]. c2021. a249 p. :c23 cm. aIncluye datos biográficos del autor en la solapa de la portada.  aUna narración libre, salpicada con estampas de mi pueblo y tintes autobiográficos, que narra cómo Monción se ha transformado con el paso de los años.  aBiografía p: 248